| Tag |
First Indicator |
Second Indicator |
Subfields |
| LEADER |
00000cam a2200000Ia 4500 |
| 001 |
in00002812349 |
| 006 |
m o d |
| 007 |
cr cnu---unuuu |
| 008 |
130103s2012 gw a ob 001 0 eng d |
| 005 |
20250816213203.7 |
| 020 |
|
|
|a 9783709104217 (electronic bk.)
|
| 020 |
|
|
|a 3709104211 (electronic bk.)
|
| 020 |
|
|
|z 9783709104200
|
| 035 |
|
|
|a (OCoLC)ocn823388581
|
| 035 |
|
|
|a (OCoLC)823388581
|
| 040 |
|
|
|a MHW
|b eng
|c MHW
|d EBLCP
|d TXA
|d UtOrBLW
|
| 049 |
|
|
|a TXAM
|
| 050 |
|
4 |
|a QD321
|b .E97 2012eb
|
| 072 |
|
7 |
|a SCI
|x 007000
|2 bisacsh
|
| 082 |
0 |
4 |
|a 572/.566
|2 23
|
| 096 |
|
|
|a QU 75
|
| 245 |
0 |
4 |
|a The European polysaccharide network of excellence (EPNOE) :
|b research initiatives and results /
|c Patrick Navard, editor.
|
| 264 |
|
1 |
|a Wien ;
|a New York :
|b Springer,
|c [2012]
|
| 264 |
|
4 |
|c ©2012
|
| 300 |
|
|
|a 1 online resource (xii, 401 pages) :
|b illustrations (some color)
|
| 336 |
|
|
|a text
|b txt
|2 rdacontent
|
| 337 |
|
|
|a computer
|b c
|2 rdamedia
|
| 338 |
|
|
|a online resource
|b cr
|2 rdacarrier
|
| 504 |
|
|
|a Includes bibliographical references and index.
|
| 505 |
0 |
0 |
|t Introduction: Challenges and Opportunities in Building a Multinational, Interdisciplinary Research and Education Network on Polysaccharides /
|r Julie Navard, Patrick Navard --
|t Etymology of Main Polysaccharide Names /
|r Pierre Avenas --
|t Polysaccharides: Molecular and Supramolecular Structures. Terminology /
|r Thomas Heinze, Katrin Petzold-Welcke --
|t Chemical Characterization of Polysaccharides /
|r Axel Russler, Anna Bogolitsyna --
|t Preparation and Properties of Cellulose Solutions /
|r Patrick Navard, Frank Wendler, Frank Meister --
|t Cellulose Products from Solutions: Film, Fibres and Aerogels /
|r Frank Wendler, Thomas Schulze --
|t Polysaccharide Fibres in Textiles /
|r Lidija Fras Zemljic, Silvo Hribernik --
|t Cellulose and Other Polysaccharides Surface Properties and Their Characterisation /
|r Karin Stana-Kleinschek, Heike M. A. Ehmann --
|t Pulp Fibers for Papermaking and Cellulose Dissolution /
|r Pedro Fardim, Tim Liebert, Thomas Heinze --
|t Cellulose: Chemistry of Cellulose Derivatization /
|r Thomas Heinze, Andreas Koschella --
|t Chitin and Chitosan as Functional Biopolymers for Industrial Applications /
|r Iwona Kardas, Marcin Henryk Struszczyk --
|t Polysaccharide-Acting Enzymes and Their Applications /
|r Anu Koivula, Sanni Voutilainen, Jaakko Pere.
|
| 500 |
|
|
|a Electronic resource.
|
| 650 |
|
0 |
|a Polysaccharides.
|
| 650 |
|
4 |
|a Glucans.
|
| 655 |
|
7 |
|a Electronic books.
|2 local
|
| 700 |
1 |
|
|a Navard, Patrick.
|
| 710 |
2 |
|
|a Ebook Library.
|
| 856 |
4 |
0 |
|u https://ebookcentral.proquest.com/lib/tamucs/detail.action?docID=1083106
|y Connect to the full text of this electronic book
|t 0
|
| 948 |
|
|
|a cataloged
|b h
|c 2013/3/22
|d c
|e jlanham
|f 11:01:25 am
|
| 994 |
|
|
|a C0
|b TXA
|
| 999 |
f |
f |
|s ec0da391-f783-3aeb-8df6-cfa905670185
|i b893a2c3-bd91-3677-b359-bfb4e093bad1
|t 0
|
| 999 |
|
|
|a MARS
|
| 952 |
f |
f |
|a Texas A&M University
|b College Station
|c Electronic Resources
|d Available Online
|t 0
|e QD321 .E97 2012eb
|h Library of Congress classification
|
| 998 |
f |
f |
|a QD321 .E97 2012eb
|t 0
|l Available Online
|